000 00781nam a2200241Ia 4500
003 OSt
005 20220923212559.0
006 a|||||r|||| 00| 0
007 ta
008 220922b |||||||| |||| 00| 0 hin d
024 _a154,172
037 _cTextual
040 _aARTS
_cARTS
_bhin
041 _2hin
_ahin
082 _aO152vM2,N73, L3
100 _aशिवप्रसाद सिंह, संपा.
245 0 _aवीक्षा
246 _aVīkṣhā
260 _aलखनऊ
_b उत्तर प्रदेश हिन्दी ग्रंथ अकादमी
_c1973
300 _a156 पृ.
_ccm.
942 _hO152vM2,N73, L3
_cTEXL
_2CC
999 _c309800
_d309800